000 00533nam a2200181Ia 4500
005 20250923145727.0
008 008 250917s9999 xx 000 0 eng d
037 _aTextual
040 _aDSWL
_beng
_cDSWL
041 _aeng
_2eng
084 _aYX;5.2Q7Z, N78
_qDSWL
100 _aKhan, N.I.
_9838358
245 0 _aSocial welfare services in Bangladesh
_cby N.I. Khan
260 _aBanglades
_bDeptt. of Socail Welfare
_c1978
300 _axiv,94p.
942 _cTEXL
_hYX;5.2Q7Z, N78
999 _c1454886
_d1454886